- Žižek, Slavoj
Entry Nombre Personal
001 - NUMERO DE CONTROL
- campo de control: 32950
003 - IDENTIFICADOR DE NUMERO DE CONTROL
- campo de control: DLC
005 - FECHA Y HORA DE LA ÜLTIMA TRANSACCIÓN
- campo de control: 20221202125118.0
008 - DATOS DE LONGITUD FIJA
- campo de control de longitud fija: 850913n| azannaabn || aaa
010 ## - NÚMERO DE CONTROL DE LA BIBLIOTECA DEL CONGRESO
- Número de control LC: n 85179035
- Número de Control LC Cancelado/inválido: no2006135854
024 7# - OTROS IDENTIFICADORES NORMALIZADOS
- Número normalizado o código: 0000000120954619
- Fuente: isni
035 ## - NUMERO DE CONTROL
- Número de control: (OCoLC)oca01429068
040 ## - FUENTE DE CATALOGACIÓN
- Agencia original de catalogación: DLC
- Lenguaje de catalogación: spa
- Description conventions: rda
- Agencia de transcripción: DLC
- Agencia que lo modifica: DLC
- Agencia que lo modifica: OCoLC
- Agencia que lo modifica: WU
- Agencia que lo modifica: UPB
- Agencia que lo modifica: ICU
- Agencia que lo modifica: DLC
- Agencia que lo modifica: GVaS
- Agencia que lo modifica: NL-TiUL
- Agencia que lo modifica: OCoLC
- Agencia que lo modifica: DLC
- Agencia que lo modifica: MX-MxUPN
046 ## - FECHAS CON CODIFICACIÓN ESPECIAL
- Fecha de nacimiento: 1949
- Fuente del formato de fecha: edtf
100 1# - ENCABEZAMIENTO - NOMBRE PERSONAL
- Nombre personal: Žižek, Slavoj
370 ## - LUGAR ASOCIADO
- Associated country: Eslovenia
- Associated country: Gran Bretaña
- Associated country: Estados Unidos
- Place of residence/headquarters: Ljubljana (Eslovenia)
- Fuente del término: naf
372 ## - CAMPO DE ACTIVIDAD
- Field of activity: Educación superior
- Field of activity: Cultura
- Field of activity: Filosofía
- Fuente del término: lcsh
373 ## - GRUPO ASOCIADO
- Associated group: Univerza v Ljubljani
- Fuente del término: naf
373 ## - GRUPO ASOCIADO
- Associated group: Birkbeck College
- Fuente del término: naf
373 ## - GRUPO ASOCIADO
- Associated group: New School for Social Research (New York, N.Y. : 1919-1997)
- Fuente del término: naf
373 ## - GRUPO ASOCIADO
- Associated group: New School University
- Fuente del término: naf
374 ## - OCUPACIÓN
- Occupation: Profesor universitario
- Occupation: Filósofo
- Fuente del término: lcsh
377 ## - LENGUA ASOCIADA
- Language code: eng
670 ## - FUENTE EN LA QUE SE LOCALIZARON DATOS
- Cita de la fuente: Zgodovina in nezavedno, 1982:
- Información localizada: portada (Slavoj Žižek)
670 ## - FUENTE EN LA QUE SE LOCALIZARON DATOS
- Cita de la fuente: LC data base, 9-11-85
- Información localizada: (hdg.: Žižek, Slavoj)
670 ## - FUENTE EN LA QUE SE LOCALIZARON DATOS
- Cita de la fuente: Sublime object of ideology, 1989:
- Información localizada: portada (Slavoj Žižek) solapa (b. 1949)
670 ## - FUENTE EN LA QUE SE LOCALIZARON DATOS
- Cita de la fuente: The history of animals, 2018:
- Información localizada: portada (introduction by Slavoj Žižek)
670 ## - FUENTE EN LA QUE SE LOCALIZARON DATOS
- Cita de la fuente: Amazon.com viewed October 16, 2019
- Información localizada: (Slavoj Žižekes uno de los principales críticos contemporáneos, es profesor de estudios culturales en la University of Ljubljana, Slovenia, director internacional de la Birkbeck Institute for the Humanities, UK, y profesor visitantes en la New School for Social Research, New York, USA)
- Uniform Resource Identifier: https://www.amazon.com/History-Animals-Philosophy-Oxana-Timofeeva/dp/1350012017
670 ## - FUENTE EN LA QUE SE LOCALIZARON DATOS
- Cita de la fuente: Problemas en el paraíso: del fin de la historia al fin del capitalismo, 2016:
- Información localizada: portada (Slavoj Žižek)
902 ## - CATALOGADOR
- Catalogador: Víctor Ruiz/021222
